banner-ar

تاريخ الدولة الاسلامية بآسيا وحضارتها : (Record no. 6293)

MARC details
000 -الفاتح
حقل البيانات ثابتة الطول 00973nam a2200217Ia 4500
005 - وقت وتاريخ اخر تعامل مع التسجيلة
رقم الضبط 20240530095334.0
008 - عناصر البيانات ثابتة الطول - معلومات عامة
حقل البيانات ثابتة الطول 140319s1987 ua 000 0 ara d
020 ## - الرقم الدولى المعيارى للكتب
الرقم الدولى المعيارى للكتاب 7074245977
040 ## - مصدر الفهرسة
وكالة الفهرسة الأصلية GCL /
وكالة النسخ GCL
082 04 - رقم تصنيف ديوى العشرى
رقم التصنيف 953.079/
رقم المادة ا ت
100 0# - المدخل الرئيسى - إسم شخصى
الإسم الشخصى احمد محمود الساداتى
245 10 - بيان العنوان
العنوان تاريخ الدولة الاسلامية بآسيا وحضارتها :
بقية العنوان شبه القارة الهندية والباكستانية وبنجالادش - ايران - بلاد ماوراء النهر ( بخارى الكبرى او التركستان - افغانستان - تركيا ) /
بيان المسئوليه,etc احمد محمود الساداتى
260 ## - PUBLICATION, DISTRIBUTION, ETC. (IMPRINT)
تاريخ النشر أو التوزيع 1987.
300 ## - الوصف المادى
التعداد 319 ص ؛
أبعاد الوعاء 25 سم
650 07 - المدخل الاضافى بالموضوع-مصطلح موضوعى
مصدر الرأس أو المصطلح qarmk
مصطلح موضوعي الاسلام
التقسيم الفرعي العام تاريخ
651 07 - المدخل الاضافى بالموضوع - اسم جغرافى
مصدر الرأس أو المصطلح qarmk
الاسم الجغرافي افغانستان
التقسيم الفرعي العام تاريخ
651 07 - المدخل الاضافى بالموضوع - اسم جغرافى
مصدر الرأس أو المصطلح qarmk
الاسم الجغرافي الهند
التقسيم الفرعي العام تاريخ
651 07 - المدخل الاضافى بالموضوع - اسم جغرافى
مصدر الرأس أو المصطلح qarmk
الاسم الجغرافي تركيا
التقسيم الفرعي العام تاريخ
942 ## - عناصر المدخل الإضافي( كوها)
مصدر التصنيف او مخطط الترفيف Dewey Decimal Classification
Koha [default] item type كتاب
260 ## - PUBLICATION, DISTRIBUTION, ETC. (IMPRINT)
-- القاهرة :
-- مكتبة نهضة الشرق ،
Holdings
حالة التراجع حالة الفقد حالة تلف ليس للاعارة المكان المؤقت الموقع الحالى تاريخ الاكتساب اجمالي اﻻعارات رقم الطلب الباركود تاريخ اخر مشاهدة تاريخ تفعيل السعر نوع وعاء كوها
        مكتبة القاهرة الكبرى مكتبة القاهرة الكبرى 03/26/2014   953.079\ ا ت 13191 03/26/2014 03/26/2014 كتاب
        مكتبة القاهرة الكبرى مكتبة القاهرة الكبرى 03/26/2014   953.079\ ا ت 13192 03/26/2014 03/26/2014 كتاب
        مكتبة القاهرة الكبرى مكتبة القاهرة الكبرى 03/26/2014   953.079\ ا ت 13193 03/26/2014 03/26/2014 كتاب
        مكتبة القاهرة الكبرى مكتبة القاهرة الكبرى 03/26/2014   953.079\ ا ت 13194 03/26/2014 03/26/2014 كتاب
        مكتبة القاهرة الكبرى مكتبة القاهرة الكبرى 03/26/2014   953.079\ ا ت 13195 03/26/2014 03/26/2014 كتاب

Powered By

EGPV